All Governors/Chief Executtive of the United States - Statistics

General Stats
  • This quiz has been taken 25 times
    3 since last reset
  • The average score is 52 of 57
Answer Stats
State/Territory Political Affiliation Governor % Correct
Virginia Democrat Abigail Spanberger
100%
Kentucky Democrat Andy Beshear
100%
Washington Democrat Bob Ferguson
100%
Idaho Republican Brad Little
100%
Georgia Republican Brian Kemp
100%
Rhode Island Democrat Dan McKee
100%
California Democrat Gavin Newsom
100%
Texas Republican Greg Abbott
100%
Montana Republican Greg Gianforte
100%
Michigan Democrat Gretchen Whitmer
100%
South Carolina Republican Henry McMaster
100%
Maine Democrat Janet Mills
100%
Colorado Democrat Jared Polis
100%
Illinois Democrat JB Pritzker
100%
Louisiana Republican Jeff Landry
100%
Nevada Republican Joe Lombardo
100%
Hawaii Democrat Josh Green
100%
Pennsylvania Democrat Josh Shapiro
100%
North Carolina Democrat Josh Stein
100%
New York Democrat Kathy Hochul
100%
Arizona Democrat Katie Hobbs
100%
Alabama Republican Kay Ivey
100%
New Hampshire Republican Kelly Ayotte
100%
Oklahoma Republican Kevin Stitt
100%
Iowa Republican Kim Reynolds
100%
Kansas Democrat Laura Kelly
100%
Delaware Democrat Matt Meyer
100%
Massachusetts Democrat Maura Healey
100%
New Mexico Democrat Michelle Lujan Grisham
100%
Indiana Republican Mike Braun
100%
Ohio Republican Mike DeWine
100%
New Jersey Democrat Mikie Sherrill
100%
Connecticut Democrat Ned Lamont
100%
Vermont Republican Phil Scott
100%
Florida Republican Ron DeSantis
100%
Arkansas Republican Sarah Huckabee Sanders
100%
Utah Republican Spencer Cox
100%
Mississippi Republican Tate Reeves
100%
Minnesota Democrat Tim Walz
100%
Oregon Democrat Tina Kotek
100%
Wisconsin Democrat Tony Evers
100%
Maryland Democrat Wes Moore
100%
U.S. Virgin Islands Democrat Albert Bryan
67%
Tennessee Republican Bill Lee
67%
Northern Mariana Islands Republican David M. Apatang
67%
United States of America (president) Republican Donald Trump
67%
Puerto Rico New Progressive Jenniffer González-Colón
67%
North Dakota Republican Kelly Armstrong
67%
South Dakota Republican Larry Rhoden
67%
Guam Democrat Lou Leon Guerrero
67%
Wyoming Republican Mark Gordon
67%
Alaska Republican Mike Dunleavy
67%
Missouri Republican Mike Kehoe
67%
Nebraska Repubican Mike Pillen
67%
District of Colombia (Mayor) Democrat Muriel Bowser
67%
West Virginia Republican Patrick Morrisey
67%
American Samoa Republican Pula Nikolao Pula
33%
No matching quizzes found
Score Distribution
Percent of People with Each Score
Percentile by Number Answered
Your Score History
You have not taken this quiz since the last reset